000 00307nam a22001337a 4500
008 170807b xxu||||| |||| 00| 0 eng d
020 _a9780632044528
041 _aeng
080 _a004
100 _a34
101 _aSHK
245 _aDISCOVERY WINDOWS ON THE LIFE SCIENCES
_cLEWIS,R.A
942 _2udc
_cBK
999 _c22815
_d22815